[Event "Budapest FS03 FM-B"]
[Site "Budapest"]
[Date "2005.03.15"]
[Round "11"]
[White "Sianec, Attila Sr"]
[Black "Ruszin, Tibor"]
[Result "0-1"]
[WhiteElo "1857"]
[BlackElo "2075"]
[PlyCount "80"]
[EventDate "2005.03.05"]
[EventType "tourn"]
[EventRounds "13"]
[EventCountry "HUN"]
[SourceTitle "CBM 105 Extra"]
[Source "ChessBase"]
[SourceDate "2005.05.01"]
[SourceVersion "1"]
[SourceVersionDate "2005.05.01"]
[SourceQuality "1"]

1. d4 Nf6 2. c4 c5 3. d5 e6 4. Nc3 exd5 5. cxd5 d6 6. e4 g6 7. f4 Bg7 8. Nf3 0-0 9. Bd3 a6 10. 0-0 b5 11. Bc2 c4 12. Be3 Nbd7 13. Bd4 Qc7 14. h3 Nh5 15. Bxg7 Kxg7 16. f5 Ng3 17. Rf2 b4 18. Ne2 Nxe2+ 19. Rxe2 Qc5+ 20. Kh2 f6 21. Nd4 Ne5 22. Ne6+ Bxe6 23. fxe6 Ra7 24. Qg1 Qxg1+ 25. Kxg1 Rc7 26. Ba4 g5 27. Rf1 h5 28. Rf5 h4 29. Rc2 Ng6 30. Rff2 Ne7 31. a3 bxa3 32. bxa3 Rb8 33. Rfd2 Rb1+ 34. Kf2 c3 35. Rd3 Rc4 36. Bc6 Rb3 37. a4 f5 38. e5 dxe5 39. Bb5 Rf4+ 40. Ke2 Re4+ 0-1

[Event "Budapest FS03 FM-B"]
[Site "Budapest"]
[Date "2005.03.11"]
[Round "7"]
[White "Sianec, Attila Sr"]
[Black "Szabo, Noemi"]
[Result "0-1"]
[WhiteElo "1857"]
[BlackElo "1955"]
[PlyCount "82"]
[EventDate "2005.03.05"]
[EventType "tourn"]
[EventRounds "13"]
[EventCountry "HUN"]
[SourceTitle "CBM 105 Extra"]
[Source "ChessBase"]
[SourceDate "2005.05.01"]
[SourceVersion "1"]
[SourceVersionDate "2005.05.01"]
[SourceQuality "1"]

1. d4 Nf6 2. c4 g6 3. Nc3 Bg7 4. e4 d6 5. f4 c5 6. d5 0-0 7. Nf3 e6 8. Bd3 exd5 9. cxd5 Re8 10. 0-0 Bg4 11. h3 Bxf3 12. Qxf3 a6 13. f5 Nbd7 14. fxg6 hxg6 15. Bg5 Qa5 16. Qg3 Re5 17. Bf4 Nh5 18. Qf3 Nxf4 19. Qxf4 Rf8 20. Qd2 b5 21. a3 c4 22. Be2 Nc5 23. Qc2 Qb6 24. Kh1 Nb3 25. Rae1 Bh6 26. Bf3 Bf4 27. Na2 Nd2 28. Rg1 Be3 29. Nb4 Bxg1 30. Rxg1 Nxf3 31. gxf3 Rh5 32. Rg3 Kh7 33. Nc6 Rh8 34. e5 dxe5 35. Kg2 Kg7 36. Qe4 Qc7 37. Qg4 Qd6 38. Qe4 Qf6 39. Nb4 a5 40. Nc2 Qf4 41. Ne3 f5 0-1

[Event "Budapest FS02 Elo-C"]
[Site "Budapest"]
[Date "2005.02.14"]
[Round "10"]
[White "Tessedik, Karoly"]
[Black "Sianec, Attila Sr"]
[Result "1-0"]
[WhiteElo "1967"]
[BlackElo "1817"]
[PlyCount "74"]
[EventDate "2005.02.05"]
[EventType "tourn"]
[EventRounds "10"]
[EventCountry "HUN"]
[SourceTitle "EXT 2006"]
[Source "ChessBase"]
[SourceDate "2005.11.24"]
[SourceVersion "1"]
[SourceVersionDate "2005.11.24"]
[SourceQuality "1"]

1. c4 e5 2. Nc3 Nf6 3. g3 c6 4. e3 Bb4 5. Qb3 Bxc3 6. bxc3 0-0 7. Bg2 d6 8. d4 e4 9. Ba3 Qc7 10. Rb1 Na6 11. Ne2 Rb8 12. 0-0 Re8 13. h3 b5 14. cxb5 cxb5 15. Rfd1 Qb6 16. c4 b4 17. Bb2 Bf5 18. g4 Bg6 19. Nf4 Nc7 20. Rbc1 Ne6 21. Bf1 Nxf4 22. exf4 h6 23. f5 Bh7 24. Be2 Qd8 25. d5 Nd7 26. Qe3 Qg5 27. Qxg5 hxg5 28. Bd4 a5 29. Be3 f6 30. c5 dxc5 31. Bxc5 Kh8 32. Bd6 Rb7 33. Ba6 Ra7 34. Bb5 Rd8 35. Bc7 Rxc7 36. Rxc7 Ne5 37. d6 Bg8 1-0

[Event "Budapest FS02 FM-C"]
[Site "Budapest"]
[Date "2004.02.09"]
[Round "2"]
[White "Sianec, Attila Sr"]
[Black "Bodrogi, Laszlo"]
[Result "0-1"]
[WhiteElo "1804"]
[BlackElo "2085"]
[PlyCount "96"]
[EventDate "2004.02.07"]
[EventType "tourn"]
[EventRounds "11"]
[EventCountry "HUN"]
[SourceTitle "CBM 098 Extra"]
[Source "ChessBase"]
[SourceDate "2004.03.10"]
[SourceVersion "2"]
[SourceVersionDate "2004.03.10"]
[SourceQuality "1"]

1. d4 Nf6 2. c4 e6 3. Nf3 b6 4. g3 Ba6 5. Qc2 Be7 6. Bg2 0-0 7. 0-0 d5 8. Nbd2 Nbd7 9. b3 Rc8 10. Re1 c5 11. e3 Bb7 12. Qd1 cxd4 13. Nxd4 Nc5 14. Nb1 dxc4 15. Bxb7 Nxb7 16. bxc4 Bb4 17. Nd2 e5 18. N4b3 Qe7 19. Qe2 Rfd8 20. Bb2 Nc5 21. Red1 Nd3 22. Nf3 e4 23. Nfd4 Nxb2 24. Qxb2 Ng4 25. Nf5 Qg5 26. Nbd4 Bf8 27. Qe2 g6 28. Nh4 Bg7 29. Ng2 Ne5 30. f4 exf3 31. Nxf3 Nxf3+ 32. Qxf3 Bxa1 33. Rxa1 Rxc4 34. Qb7 Qd5 35. Qa6 Qd3 36. Rf1 Qc2 37. Qxa7 Rc7 38. Qxb6 Rd2 39. Ne1 Qc5 40. Qb3 Re7 41. Ng2 Qe5 42. a4 Rb2 43. Qd3 Qe4 44. Qxe4 Rxe4 45. Ra1 Reb4 46. Ra3 Rb1+ 47. Kf2 R4b2+ 48. Kf3 Rf1+ 0-1

[Event "Budapest FS11 FM-B"]
[Site "Budapest"]
[Date "2003.11.12"]
[Round "12"]
[White "Sianec, Attila Sr"]
[Black "Hoang, Tri"]
[Result "1/2-1/2"]
[WhiteElo "1858"]
[BlackElo "2059"]
[PlyCount "75"]
[EventDate "2003.11.01"]
[EventType "tourn"]
[EventRounds "13"]
[EventCountry "HUN"]
[SourceTitle "CBM 097 Extra"]
[Source "ChessBase"]
[SourceDate "2004.01.13"]
[SourceVersion "1"]
[SourceVersionDate "2004.01.13"]
[SourceQuality "1"]

1. d4 d5 2. c4 c6 3. cxd5 cxd5 4. Nc3 Nf6 5. Bg5 e6 6. e3 a6 7. Bd3 Be7 8. Nf3 Nc6 9. a3 0-0 10. Qc2 h6 11. Bxf6 Bxf6 12. 0-0 Bd7 13. Na4 Be7 14. Nc5 b5 15. b4 Bxc5 16. dxc5 e5 17. Bf5 e4 18. Bxd7 Qxd7 19. Nd4 Nxd4 20. exd4 f5 21. Qc3 f4 22. f3 e3 23. Qd3 Rfe8 24. Ra2 Re6 25. g3 fxg3 26. hxg3 Rae8 27. Re2 Qf7 28. Kg2 Qf6 29. Rfe1 Qe7 30. Qc3 g5 31. c6 Qc7 32. Rxe3 Rxe3 33. Rxe3 Rxe3 34. Qxe3 Qxc6 35. Qe7 Qc2+ 36. Kh3 Qf5+ 37. Kg2 Qc2+ 38. Kh3 1/2-1/2

[Event "Budapest FS11 FM-B"]
[Site "Budapest"]
[Date "2003.11.07"]
[Round "7"]
[White "Schneider, Veronika"]
[Black "Sianec, Attila Sr"]
[Result "1-0"]
[WhiteElo "2089"]
[BlackElo "1858"]
[PlyCount "55"]
[EventDate "2003.11.01"]
[EventType "tourn"]
[EventRounds "13"]
[EventCountry "HUN"]
[SourceTitle "CBM 097 Extra"]
[Source "ChessBase"]
[SourceDate "2004.01.13"]
[SourceVersion "1"]
[SourceVersionDate "2004.01.13"]
[SourceQuality "1"]

1. e4 e6 2. d4 Nf6 3. e5 Nd5 4. Nf3 c5 5. c4 Nb6 6. Bg5 Be7 7. Bxe7 Qxe7 8. Nc3 d5 9. exd6 Qxd6 10. Ne4 Qf4 11. Nxc5 N8d7 12. g3 Qc7 13. Nxd7 Bxd7 14. b3 Bc6 15. Bg2 0-0 16. 0-0 f5 17. Re1 Rae8 18. Ne5 Bxg2 19. Kxg2 f4 20. Qd3 Nd7 21. Nxd7 f3+ 22. Kg1 Qxd7 23. Re5 Qf7 24. Rae1 g6 25. Qe4 Qg7 26. Rxe6 Rxe6 27. Qxe6+ Kh8 28. Qe5 1-0

[Event "Budapest FS11 FM-B"]
[Site "Budapest"]
[Date "2003.11.03"]
[Round "3"]
[White "Bodrogi, Laszlo"]
[Black "Sianec, Attila Sr"]
[Result "1-0"]
[WhiteElo "2069"]
[BlackElo "1858"]
[PlyCount "47"]
[EventDate "2003.11.01"]
[EventType "tourn"]
[EventRounds "13"]
[EventCountry "HUN"]
[SourceTitle "CBM 097 Extra"]
[Source "ChessBase"]
[SourceDate "2004.01.13"]
[SourceVersion "1"]
[SourceVersionDate "2004.01.13"]
[SourceQuality "1"]

1. d4 Nf6 2. c4 e6 3. Nc3 b6 4. e4 d5 5. cxd5 exd5 6. e5 Ne4 7. Nxe4 dxe4 8. Ne2 Bb7 9. Be3 Bb4+ 10. Nc3 Bxc3+ 11. bxc3 0-0 12. Qg4 f5 13. exf6 Qxf6 14. Bc4+ Kh8 15. Rc1 Qe7 16. Be6 Na6 17. h4 Bc8 18. Bxc8 Raxc8 19. Rh3 c5 20. Rg3 Rc6 21. d5 Rcf6 22. Bg5 Rxf2 23. Bxe7 Rf1+ 24. Ke2 1-0

[Event "Budapest FS10 FM-B"]
[Site "Budapest"]
[Date "2003.10.16"]
[Round "13"]
[White "Zoltan, Andras"]
[Black "Sianec, Attila Sr"]
[Result "1-0"]
[WhiteElo "2066"]
[BlackElo "1858"]
[PlyCount "61"]
[EventDate "2003.10.04"]
[EventType "tourn"]
[EventRounds "13"]
[EventCountry "HUN"]
[SourceTitle "EXT 2004"]
[Source "ChessBase"]
[SourceDate "2003.11.25"]
[SourceVersion "1"]
[SourceVersionDate "2003.11.25"]
[SourceQuality "1"]

1. e4 d6 2. d4 Nf6 3. Nc3 g6 4. f4 Bg7 5. Nf3 Bg4 6. h3 Bxf3 7. Qxf3 c6 8. Be3 b5 9. e5 dxe5 10. dxe5 Nfd7 11. Nxb5 Na6 12. Qxc6 Nb4 13. Nc7+ Kf8 14. Qxa8 Qxa8 15. Nxa8 Nxc2+ 16. Kd2 Nxa1 17. Bb5 Nb6 18. Nxb6 axb6 19. Rxa1 f6 20. Bxb6 fxe5 21. Bc7 exf4 22. Bxf4 Kf7 23. Bc4+ e6 24. Re1 Bxb2 25. Rxe6 Bf6 26. a4 Rd8+ 27. Rd6+ Ke7 28. Rxd8 Kxd8 29. a5 Bd4 30. Be3 Bxe3+ 31. Kxe3 1-0

[Event "Budapest FS10 FM-B"]
[Site "Budapest"]
[Date "2003.10.15"]
[Round "12"]
[White "Sianec, Attila Sr"]
[Black "Zilahi, Gabor"]
[Result "0-1"]
[WhiteElo "1858"]
[BlackElo "2047"]
[PlyCount "62"]
[EventDate "2003.10.04"]
[EventType "tourn"]
[EventRounds "13"]
[EventCountry "HUN"]
[SourceTitle "EXT 2004"]
[Source "ChessBase"]
[SourceDate "2003.11.25"]
[SourceVersion "1"]
[SourceVersionDate "2003.11.25"]
[SourceQuality "1"]

1. d4 Nf6 2. c4 e6 3. a3 c5 4. e3 b6 5. Bd3 Bb7 6. Nf3 d6 7. 0-0 Nbd7 8. Nc3 Be7 9. e4 cxd4 10. Nxd4 Nc5 11. f3 Nxd3 12. Qxd3 Rc8 13. b3 Nd7 14. a4 a6 15. f4 Bf6 16. Nf3 Nc5 17. Qc2 Nxe4 18. Bb2 Nxc3 19. Bxc3 0-0 20. Rad1 Bxc3 21. Qxc3 Qc7 22. Nh4 Qc5+ 23. Kh1 Qh5 24. Qg3 d5 25. f5 dxc4 26. Rd7 Bd5 27. fxe6 Bxe6 28. Rd4 cxb3 29. Rdf4 b2 30. Nf5 Bxf5 31. Rxf5 Qxf5 0-1

[Event "Budapest FS10 FM-B"]
[Site "Budapest"]
[Date "2003.10.13"]
[Round "10"]
[White "Sianec, Attila Sr"]
[Black "Mihok, Oliver"]
[Result "1/2-1/2"]
[WhiteElo "1858"]
[BlackElo "1998"]
[PlyCount "108"]
[EventDate "2003.10.04"]
[EventType "tourn"]
[EventRounds "13"]
[EventCountry "HUN"]
[SourceTitle "EXT 2004"]
[Source "ChessBase"]
[SourceDate "2003.11.25"]
[SourceVersion "1"]
[SourceVersionDate "2003.11.25"]
[SourceQuality "1"]

1. d4 Nf6 2. c4 e6 3. Nc3 Bb4 4. Bd2 0-0 5. Nf3 c5 6. e3 b6 7. Bd3 Bb7 8. a3 Bxc3 9. Bxc3 Ne4 10. Bxe4 Bxe4 11. dxc5 bxc5 12. 0-0 Nc6 13. Nd2 Bg6 14. f4 d5 15. Nf3 dxc4 16. Qa4 Qb6 17. Qxc4 Rad8 18. Rad1 Bh5 19. Qe2 Ne7 20. e4 Nc6 21. Qf2 Bxf3 22. Qxf3 Nd4 23. Qg4 f5 24. exf5 exf5 25. Qh3 Rfe8 26. Kh1 Re2 27. Qd3 Qe6 28. Rf3 Rd7 29. Rg3 g6 30. Qb1 Re7 31. h3 Qc4 32. Rgd3 R7e4 33. Qc1 Rc2 34. Qb1 Rf2 35. b4 Rexf4 36. bxc5 Qd5 37. Qb8+ Kg7 38. Qxa7+ Kh6 39. Rg1 Qc4 40. Rxd4 Rxd4 41. Bxd4 Qxd4 42. Qe7 Rc2 43. Qf8+ Kg5 44. Qe7+ Kh6 45. Rf1 Rxc5 46. Rf3 Rc1+ 47. Kh2 Qg1+ 48. Kg3 Qe1+ 49. Qxe1 Rxe1 50. Rf4 Ra1 51. Ra4 Kg5 52. Ra7 h6 53. Ra4 Kf6 54. Ra6+ Kf7 1/2-1/2

[Event "Budapest FS10 FM-B"]
[Site "Budapest"]
[Date "2003.10.08"]
[Round "5"]
[White "Sianec, Attila Sr"]
[Black "Trajber, Daniel"]
[Result "1-0"]
[WhiteElo "1858"]
[BlackElo "1962"]
[PlyCount "79"]
[EventDate "2003.10.04"]
[EventType "tourn"]
[EventRounds "13"]
[EventCountry "HUN"]
[SourceTitle "EXT 2004"]
[Source "ChessBase"]
[SourceDate "2003.11.25"]
[SourceVersion "1"]
[SourceVersionDate "2003.11.25"]
[SourceQuality "1"]

1. d4 d5 2. c4 c6 3. cxd5 cxd5 4. Bf4 Bf5 5. Nc3 Nc6 6. e3 e6 7. Nf3 Nf6 8. Bb5 Nd7 9. 0-0 a6 10. Bxc6 bxc6 11. Na4 Rc8 12. Rc1 Nb6 13. Ne5 Nc4 14. Nxc4 dxc4 15. Rxc4 Bd6 16. Bxd6 Qxd6 17. Nc5 Ra8 18. Qa4 0-0 19. Rfc1 Rfb8 20. b3 Rb6 21. e4 Bg6 22. f3 a5 23. Nd3 Raa6 24. Ne5 f6 25. Nxg6 hxg6 26. d5 exd5 27. exd5 Qxd5 28. Rd4 Qg5 29. Rd8+ Kh7 30. Qc4 Qe3+ 31. Kf1 Rb4 32. Qg8+ Kh6 33. Re1 Qf4 34. Qh8+ Kg5 35. h3 Ra7 36. Rde8 Rd7 37. Qf8 Rb5 38. R8e4 Qd2 39. Qh8 Qd3+ 40. Kg1 1-0

[Event "Budapest FS10 FM-B"]
[Site "Budapest"]
[Date "2003.10.06"]
[Round "3"]
[White "Sianec, Attila Sr"]
[Black "Hoang, Tri"]
[Result "0-1"]
[WhiteElo "1858"]
[BlackElo "2059"]
[PlyCount "62"]
[EventDate "2003.10.04"]
[EventType "tourn"]
[EventRounds "13"]
[EventCountry "HUN"]
[SourceTitle "EXT 2004"]
[Source "ChessBase"]
[SourceDate "2003.11.25"]
[SourceVersion "1"]
[SourceVersionDate "2003.11.25"]
[SourceQuality "1"]

1. d4 d5 2. c4 c6 3. cxd5 cxd5 4. Bf4 Nc6 5. Nf3 Nf6 6. e3 Bg4 7. Be2 e6 8. Nc3 a6 9. 0-0 Bd6 10. Bxd6 Qxd6 11. Ng5 Bxe2 12. Qxe2 0-0 13. f4 b5 14. Nf3 Rac8 15. Ne5 Rc7 16. a3 Rfc8 17. Nd3 Na5 18. Nc5 Nd7 19. b4 Nc4 20. a4 Nxc5 21. bxc5 Qc6 22. axb5 axb5 23. Na2 Ra8 24. Nb4 Qe8 25. e4 dxe4 26. Qxe4 Rca7 27. Rxa7 Rxa7 28. Re1 Ra4 29. Qb1 Qa8 30. f5 Ne3 31. Qb2 Rxb4 0-1

[Event "Budapest FS09 FM-B"]
[Site "Budapest"]
[Date "2003.09.16"]
[Round "11"]
[White "Bodrogi, Laszlo"]
[Black "Sianec, Attila Sr"]
[Result "1-0"]
[WhiteElo "2072"]
[BlackElo "1878"]
[PlyCount "63"]
[EventDate "2003.09.08"]
[EventType "tourn"]
[EventRounds "11"]
[EventCountry "HUN"]
[SourceTitle "EXT 2005"]
[Source "ChessBase"]
[SourceDate "2004.11.15"]
[SourceVersion "1"]
[SourceVersionDate "2004.11.15"]
[SourceQuality "1"]

1. d4 Nf6 2. c4 d5 3. cxd5 Nxd5 4. e4 Nf6 5. Nc3 e6 6. Nf3 b6 7. Bd3 Be7 8. 0-0 Bb7 9. Re1 0-0 10. Bg5 Nbd7 11. e5 Nd5 12. Bxe7 Nxe7 13. Ng5 g6 14. Be4 c6 15. Qg4 Nf5 16. Bxf5 exf5 17. Qh4 h5 18. Qg3 Qc7 19. e6 Qxg3 20. exf7+ Rxf7 21. hxg3 Rg7 22. Re3 Nf8 23. Rae1 Rd8 24. Ne2 c5 25. dxc5 bxc5 26. Nf4 Bc8 27. Re5 c4 28. Nd5 Bd7 29. Re7 Bc6 30. Nf6+ Kh8 31. Nf7+ Rxf7 32. Rxf7 1-0

[Event "Budapest FS09 FM-B"]
[Site "Budapest"]
[Date "2003.09.13"]
[Round "9"]
[White "Czimer, Jozsef"]
[Black "Sianec, Attila Sr"]
[Result "1-0"]
[WhiteElo "1993"]
[BlackElo "1878"]
[PlyCount "65"]
[EventDate "2003.09.08"]
[EventType "tourn"]
[EventRounds "11"]
[EventCountry "HUN"]
[SourceTitle "EXT 2005"]
[Source "ChessBase"]
[SourceDate "2004.11.15"]
[SourceVersion "1"]
[SourceVersionDate "2004.11.15"]
[SourceQuality "1"]

1. e4 d6 2. d4 Nf6 3. Nc3 g6 4. Be2 Bg7 5. Be3 c6 6. h3 b5 7. Bf3 b4 8. Nce2 0-0 9. c3 Qa5 10. Qd2 c5 11. e5 dxe5 12. Bxa8 Rd8 13. Nf3 Bf5 14. Nxe5 Ne4 15. Bxe4 Bxe4 16. f3 Bb7 17. Nd3 cxd4 18. cxd4 e5 19. Qxb4 Qxb4+ 20. Nxb4 exd4 21. Rd1 Ba6 22. Nxd4 Rc8 23. Nxa6 Nxa6 24. a3 Nc5 25. 0-0 Na4 26. Rd2 Rb8 27. b4 Nc3 28. Nc6 Re8 29. Bxa7 Ra8 30. Kh2 Nb5 31. Bc5 Nxa3 32. Ra2 Ra6 33. Re1 1-0

[Event "Budapest FS03 FM-B"]
[Site "Budapest"]
[Date "2003.??.??"]
[Round "2"]
[White "Sianec, Attila Sr"]
[Black "Gruene, Nils"]
[Result "0-1"]
[WhiteElo "2000"]
[BlackElo "2045"]
[PlyCount "48"]
[EventDate "2003.03.01"]
[EventType "tourn"]
[EventRounds "9"]
[EventCountry "HUN"]
[SourceTitle "CBM 093 Extra"]
[Source "ChessBase"]
[SourceDate "2003.05.09"]
[SourceVersion "1"]
[SourceVersionDate "2003.05.09"]
[SourceQuality "1"]

1. d4 Nf6 2. c4 c5 3. e3 e6 4. Nf3 b6 5. Be2 Bb7 6. 0-0 Be7 7. dxc5 bxc5 8. b3 0-0 9. Bb2 d6 10. Nc3 Nbd7 11. Qc2 Qb6 12. Rfd1 Rfd8 13. Nd2 Ne5 14. Nce4 Nxe4 15. Bxe5 Nxd2 16. Rxd2 dxe5 17. Rad1 Rxd2 18. Rxd2 Rd8 19. Rxd8+ Qxd8 20. Qd3 Qxd3 21. Bxd3 e4 22. Be2 f5 23. g3 Kf7 24. Kg2 e5 0-1